000 00656cam a22002053a 4500
001 38485
003 PGUSA
005 20140828083841.0
008 120103s2012||||xxu|||||s|||||000 | eng d
040 _aPGUSA
_beng
042 _adc
100 1 _aInman, Thomas
245 1 0 _aAncient Pagan and Modern Christian Symbolism :
_bWith an Essay on Baal Worship, On The Assyrian Sacred "Grove," And Other
_h[electronic resource] /
_cThomas Inman
260 _bProject Gutenberg,
_c2012
506 _aPublic domain in the USA.
516 _aElectronic text
830 0 _aProject Gutenberg
_v38485
856 4 0 _uhttp://www.gutenberg.org/ebooks/38485
942 _cEB
999 _c267739
_d267739